Languages by Country - Statistics

General Stats
  • This quiz has been taken 27 times
  • The average score is 11 of 15
Answer Stats
Language Country % Correct
Khmer Cambodia
100%
Mandarin China
100%
Bengali Bangladesh
96%
Burmese Myanmar
96%
Arabic Egypt
92%
Urdu Pakistan
80%
Quechua Peru
72%
Tatar Russia
72%
Xhosa South Africa
72%
Bhojpuri India
64%
Igbo Nigeria
64%
Amharic Ethiopia
60%
Gilbertese Kiribati
52%
Sundanese Indonesia
44%
Guarani Paraguay
44%
No matching quizzes found
Score Distribution
Percent of People with Each Score
Percentile by Number Answered
Your Score History
You have not taken this quiz